For women only: (Record no. 14824)

000 -LEADER
fixed length control field 00789nam a2200217 a 4500
001 - CONTROL NUMBER
control field :::00012658$&:&@@
003 - CONTROL NUMBER IDENTIFIER
control field OkBaRHE
005 - DATE AND TIME OF LATEST TRANSACTION
control field 20000607103421.0
008 - FIXED-LENGTH DATA ELEMENTS--GENERAL INFORMATION
fixed length control field s1974 j 000 0 eng u
040 ## - CATALOGING SOURCE
Transcribing agency
100 1# - MAIN ENTRY--PERSONAL NAME
Personal name Petersen, Evelyn R.,
245 10 - TITLE STATEMENT
Title For women only:
Remainder of title the fine art of being a woman.
260 ## - PUBLICATION, DISTRIBUTION, ETC. (IMPRINT)
Place of publication, distribution, etc Wheaton, IL., :
Name of publisher, distributor, etc Tyndale House Publishers, Inc.
Date of publication, distribution, etc c1974
300 ## - PHYSICAL DESCRIPTION
Extent 296 p. ;
Dimensions 22 cm.
650 ## - SUBJECT ADDED ENTRY--TOPICAL TERM
Topical term or geographic name as entry element Family
General subdivision United States
-- Addresses, Essays, Lectures
650 ## - SUBJECT ADDED ENTRY--TOPICAL TERM
Topical term or geographic name as entry element Women
General subdivision Conduct of Life
-- Addresses, Essays, Lectures
650 ## - SUBJECT ADDED ENTRY--TOPICAL TERM
Topical term or geographic name as entry element Women
General subdivision United States
-- Addresses, Essays, Lectures
700 ## - ADDED ENTRY--PERSONAL NAME
Personal name Petersen, J. Allan, Joint comp.
942 ## - ADDED ENTRY ELEMENTS (KOHA)
Source of classification or shelving scheme
Koha item type Books
Copies
Full call number Lost status Permanent Location Koha item type Shelving location Source of classification or shelving scheme Date last seen Price effective from Copy number Date acquired Not for loan Withdrawn status Damaged status Barcode
HQ 1420 .P48 RHEMA Bible Training CollegeBooksGeneral Stacks 2010-04-142010-04-1412010-04-14   12658